000
00284nam a2200121Ia 4500
008
241002s9999 xx 000 0 und d
082
_a
108 KHL
100
_a
Khlybich, I
245
3
_a
An Cutline History of Philosophy
260
_a
Moscow:
_c
N/A
600
_a
Philosophy
942
_c
UC
999
_c
18421
_d
18421